| 000 | 00674nam a22002297a 4500 | ||
|---|---|---|---|
| 003 | UA-OsUOA | ||
| 001 | 47973 | ||
| 007 | ta | ||
| 008 | 20070827b un ||||| |||| 00| 0 ukr d | ||
| 100 | _aКороленко В.Г. | ||
| 090 |
_a821.161.1 _bК68 |
||
| 942 | _cBK | ||
| 040 |
_aUA-OsUOA _brus _cUA-OsUOA _dUA-OsUOA |
||
| 245 |
_aСобрание сочинений _bТ.8 _cЛитературно- критические статьи и воспоминания |
||
| 300 | _a510 с. | ||
| 955 | _a3 | ||
| 041 | _arus | ||
| 080 | _a821.161.1 | ||
| 260 |
_aМ. _c1954 |
||
| 650 | 7 |
_a82 Література. Літературознавство _2UDC |
|
| 999 |
_c334075 _d334075 |
||